000 01208nam a2200301 c 4500
003 BLK
005 20180422113915.0
008 180410b bul|||||r ||||||| ||bul||
010 _aKNG00170655000
040 _aBLK
041 _aBUL
_cBUL
080 _aНемска литература
_b821.112.2
_x-32
_z821.112.2-32
100 1 _aМай, Карл
_eпърви автор
_9367491
700 1 _aРадков, Веселин Стаменов
_eпрев. от нем.
_9365456
139 _aМай, Карл
_bМ 16
245 1 0 _aГоворящата кожа
_bРазкази
_cКарл Май; прев. от нем. Веселин Стаменов Радков.
250 _a2. изд.
257 _aDEU
260 София
_bОтечество
_c1979
300 _a256 с.
_c16 см
380 _aX
500 _aПрев. е направен от "Halbblut", "Das Zauberwasser", "Kapitan Kaiman" и "Old Firehand", Bambergq 1955. - 1. изд. 1977. - 100 115 тир.
852 _aЦб І 17691
856 4 _qpdf
_u
856 4 _qpdf
_u
942 _cKNG
_n0
944 _aCR
_c31.01.2015
_l31.01.2015 - от С1,Р / 31.01.2015
_kКамелия_Данева
944 _aED
_c31.01.2015
_l31.01.2015 - от С1,Р / 31.01.2015
_k
999 _c163250
_d163250